| 000 | 00861nam0a22002651 4500 | ||
|---|---|---|---|
| 001 | rc\3935573 | ||
| 005 | 20250610130324.0 | ||
| 021 |
_aRU _b[57-282] |
||
| 035 | _a(NLR Aleph) 007917448 | ||
| 090 |
_a8136299 _c8136300 |
||
| 100 | _a20130415d1956 |||y0rusy50 ca | ||
| 101 | 0 | _arus | |
| 102 | _aRU | ||
| 105 | _aa z |||a| | ||
| 200 | 1 |
_aКоролевство кривых зеркал _e[Повесть-сказка _eДля сред. возраста _fИл.: Б. Калаушин |
|
| 205 | _aПерераб. изд. | ||
| 210 |
_aМосква] _cМол. гвардия _d1956 |
||
| 215 |
_a118 с. _cил. _d23 |
||
| 700 | 1 |
_aГубарев _bВ.Г. _f1912-1981 _gВиталий Георгиевич |
|
| 702 | 1 |
_aКалаушин _bБ. _4440 |
|
| 801 | 0 |
_aRU _bNLR _gpsbo |
|
| 801 | 1 |
_aRU _bELAR _2rusmarc |
|
| 852 |
_aNLR _j57-5/244 |
||
| 942 | _cBOOK | ||
| 980 | _aNB | ||